| 000 | 00671nam a22001937a 4500 | ||
|---|---|---|---|
| 008 | 230515s1966 ag ||||| |||| 00| 0 spa d | ||
| 110 | 2 | _aBanco Hipotecario Nacional | |
| 245 | 1 | 0 |
_aMemoria e Informe de las Operaciones del año 1965, 80º ejercicio / _cBanco Hipotecario Nacional. |
| 260 |
_aBuenos Aires : _bBanco Hipotecario Nacional, _c1966. |
||
| 300 |
_a114 páginas : _bcuadros contables, cuadros estadísticos, esquemas y gráficos, tablas, apéndices, láminas |
||
| 942 | _cLIBRO | ||
| 003 | AR-BaAGN | ||
| 005 | 20230517144110.0 | ||
| 007 | ta | ||
| 040 |
_aAR-BaAGN _bspa _eaacr |
||
| 336 |
_2rdacontent _btxt |
||
| 337 |
_2rdamedia _bn |
||
| 338 |
_2rdacarrier _bnc |
||
| 999 |
_c49182 _d49182 |
||